000 00735nam0a22002291 4500
001 rc\884218
005 20250622031149.0
035 _a(NLR Aleph) 006061419
090 _a4913197
_c4913197
100 _a20041129d1984 |||y0rusy50 ca
101 0 _arus
102 _aRU
105 _aa |||||||||
200 1 _aТри лица Януса
_e[Повесть о С. Ахмедове]
_fС. Гагарин
_g[Худож. М. Халилов]
210 _aМахачкала
_cДаг. кн. изд-во
_d1984
215 _a206 с.
_cил.
_d21
700 1 _aГагарин
_bС.С.
_f1935-
_gСтанислав Семенович
801 0 _aRU
_bNLR
_gpsbo
801 1 _aRU
_bELAR
_2rusmarc
852 _aNLR
_j84-5/5648
942 _cBOOK
980 _aNB